[Event "Moscow op-A"]
[Site "Moscow"]
[Date "2016.02.04"]
[Round "6"]
[White "Prikhodko, Anton"]
[Black "Aslanov, Farid"]
[Result "1/2-1/2"]
[WhiteElo "2326"]
[BlackElo "2089"]
[PlyCount "140"]
[EventDate "2016.01.30"]
[EventType "swiss"]
[EventRounds "9"]
[EventCountry "RUS"]
[SourceTitle "CBM 170 Extra"]
[Source "ChessBase"]
[SourceDate "2016.02.25"]
[SourceVersion "1"]
[SourceVersionDate "2016.02.25"]
[SourceQuality "1"]

1. e3 Nf6 2. a3 e6 3. g4 d5 4. g5 Nfd7 5. h4 Be7 6. Bg2 h6 7. f4 hxg5 8. hxg5 Rxh1 9. Bxh1 c5 10. Qh5 Nc6 11. Nc3 Nf8 12. Qh8 g6 13. Nf3 a6 14. b3 b5 15. Bb2 Bb7 16. Qg8 Qc7 17. Nd1 Bd6 18. Bg7 0-0-0 19. Bf6 Re8 20. Nc3 Kb8 21. Kf2 Qd7 22. Ne5 Nxe5 23. fxe5 Bc7 24. Rf1 Rc8 25. Ke2 b4 26. axb4 cxb4 27. Nb1 a5 28. Bg7 Ba6+ 29. d3 Qc6 30. Rc1 Nd7 31. Qxf7 Nc5 32. Rd1 a4 33. Qxg6 axb3 34. cxb3 Nxd3 35. Rxd3 Qc2+ 36. Nd2 Rg8 37. Bxd5 Qxd3+ 38. Qxd3 Bxd3+ 39. Kxd3 Rxg7 40. Bxe6 Bxe5 41. Nf3 Bc3 42. Ke4 Kc7 43. Kd5 Kd8 44. e4 Ra7 45. e5 Ke7 46. Bf5 Ra5+ 47. Ke4 Ra2 48. Kf4 Rf2 49. Bg4 Rb2 50. g6 Kf8 51. Be6 Rf2 52. Bd5 Kg7 53. Kf5 Re2 54. Be4 Rf2 55. Bd5 Re2 56. e6 Bf6 57. Bc4 Rg2 58. Bd5 Rf2 59. Kg4 Rg2+ 60. Kf5 Rxg6 61. Bc4 Rg2 62. Ke4 Kf8 63. Ne1 Rh2 64. Nd3 Bc3 65. Kd5 Ke7 66. Kc6 Rh4 67. Kb5 Rh8 68. Nf4 Kd6 69. Nd5 Rb8+ 70. Ka6 Bd4 1/2-1/2

[Event "Moscow op-A"]
[Site "Moscow"]
[Date "2016.02.01"]
[Round "3"]
[White "Skatchkov, Valery"]
[Black "Prikhodko, Anton"]
[Result "1/2-1/2"]
[WhiteElo "2068"]
[BlackElo "2326"]
[PlyCount "92"]
[EventDate "2016.01.30"]
[EventType "swiss"]
[EventRounds "9"]
[EventCountry "RUS"]
[SourceTitle "CBM 170 Extra"]
[Source "ChessBase"]
[SourceDate "2016.02.25"]
[SourceVersion "1"]
[SourceVersionDate "2016.02.25"]
[SourceQuality "1"]

1. d4 d5 2. Nf3 c5 3. g3 Nc6 4. Bg2 e6 5. 0-0 Qb6 6. dxc5 Bxc5 7. a3 Nf6 8. b4 Be7 9. c4 dxc4 10. Be3 Qc7 11. Qc2 Nd5 12. Qxc4 Nxe3 13. fxe3 Qb6 14. Kf2 e5 15. Nc3 Be6 16. Nd5 Bxd5 17. Qxd5 0-0 18. Rad1 Rad8 19. Qc4 Rc8 20. Qe4 Rce8 21. Bh3 Bf6 22. Kg2 Qa6 23. Kf2 Qxa3 24. b5 Nd8 25. Nd2 Qc5 26. Nc4 Ne6 27. Bxe6 Rxe6 28. Rd5 Qc7 29. Rfd1 Re7 30. Nd6 g6 31. R1d2 Bg7 32. Rc2 Qb8 33. Qg4 Re6 34. Rcd2 Qc7 35. Kg2 a6 36. bxa6 bxa6 37. Qa4 Qc1 38. R5d3 Qc5 39. Qxa6 Qb4 40. Qa2 Bh6 41. Qc4 Qb6 42. Qe4 Qa6 43. Qh4 Qc6+ 44. Kh3 e4 45. Rd4 Bg7 46. Rd5 Qc1 1/2-1/2

[Event "Minsk op"]
[Site "Minsk"]
[Date "2013.07.19"]
[Round "7"]
[White "Zenchanka, Pavel"]
[Black "Prikhodko, Anton"]
[Result "0-1"]
[WhiteElo "1782"]
[BlackElo "2319"]
[PlyCount "88"]
[EventDate "2013.07.13"]
[EventType "swiss"]
[EventRounds "9"]
[EventCountry "BLR"]
[SourceTitle "CBM 155 Extra"]
[Source "ChessBase"]
[SourceDate "2013.08.26"]
[SourceVersion "1"]
[SourceVersionDate "2013.08.26"]
[SourceQuality "1"]

1. d4 d5 2. c4 e6 3. Nf3 c5 4. cxd5 exd5 5. g3 Nf6 6. Bg2 Be7 7. dxc5 Bxc5 8. 0-0 0-0 9. Qc2 Be7 10. Nc3 Nc6 11. Rd1 Be6 12. Ng5 g6 13. Nxe6 fxe6 14. Bh3 Kf7 15. e4 d4 16. Ne2 Qb6 17. Qc4 Ne5 18. Qa4 Rad8 19. Kg2 d3 20. Nf4 Nfg4 21. Be3 Qxb2 22. Bxa7 g5 23. Bxg4 Nxg4 24. Nh3 b6 25. Kg1 Bc5 26. Rf1 Kg6 27. Rab1 Qc2 28. Qxc2 dxc2 29. Rb2 Rd2 30. Bxb6 Nxf2 31. Nf4+ Rxf4 32. gxf4 Nd1+ 33. Bxc5 c1Q 34. f5+ Kf6 35. e5+ Kxe5 36. Rxd2 Qxc5+ 37. Kh1 Ne3 38. Re2 exf5 39. Rfe1 f4 40. a4 Qc6+ 41. Kg1 Qxa4 42. Kf2 Qd4 43. h3 Kf5 44. Ra2 Nc2+ 0-1

[Event "Minsk op"]
[Site "Minsk"]
[Date "2013.07.17"]
[Round "5"]
[White "Kaliadzich, Maryia"]
[Black "Prikhodko, Anton"]
[Result "0-1"]
[WhiteElo "2004"]
[BlackElo "2319"]
[PlyCount "54"]
[EventDate "2013.07.13"]
[EventType "swiss"]
[EventRounds "9"]
[EventCountry "BLR"]
[SourceTitle "CBM 155 Extra"]
[Source "ChessBase"]
[SourceDate "2013.08.26"]
[SourceVersion "1"]
[SourceVersionDate "2013.08.26"]
[SourceQuality "1"]

1. d4 d5 2. Nf3 e6 3. c4 c5 4. e3 Nf6 5. Nc3 Nc6 6. Be2 Be7 7. 0-0 0-0 8. dxc5 Bxc5 9. cxd5 exd5 10. Nb5 Ne4 11. Nbd4 Bg4 12. Nxc6 bxc6 13. Nd4 Bxe2 14. Nxe2 Bd6 15. Qc2 Qf6 16. Ng3 Bxg3 17. hxg3 Rab8 18. Rb1 Rfe8 19. b3 Qf5 20. g4 Qg5 21. Bb2 Re6 22. Qd1 Rg6 23. g3 Re8 24. Qe2 f5 25. Rfd1 fxg4 26. Rbc1 Rh6 27. Qf1 Nxg3 0-1

[Event "Voronezh op 16th"]
[Site "Voronezh"]
[Date "2012.06.15"]
[Round "4"]
[White "Baryshpolets, Andrey"]
[Black "Prikhodko, Anton"]
[Result "1-0"]
[WhiteElo "2487"]
[BlackElo "2330"]
[PlyCount "59"]
[EventDate "2012.06.12"]
[EventType "swiss"]
[EventRounds "9"]
[EventCountry "RUS"]
[SourceTitle "CBM 149 Extra"]
[Source "ChessBase"]
[SourceDate "2012.08.24"]
[SourceVersion "1"]
[SourceVersionDate "2012.08.24"]
[SourceQuality "1"]

1. d4 d5 2. c4 e6 3. Nf3 Nf6 4. g3 Be7 5. Bg2 0-0 6. 0-0 dxc4 7. Nc3 Bd7 8. Ne5 Bc6 9. e4 Bb4 10. d5 Bd7 11. Bf4 exd5 12. Nxd5 Bd6 13. Nxf7 Rxf7 14. e5 Bxe5 15. Bxe5 Ne8 16. Re1 Nc6 17. Bc3 Bf5 18. b3 Qd7 19. bxc4 Bh3 20. Bh1 Nd6 21. Nf4 Rxf4 22. gxf4 Rf8 23. Re3 Qc8 24. Bd5+ Kh8 25. Rg3 Ne8 26. Qh5 Be6 27. Re1 Nd8 28. f5 Bf7 29. Rxe8 Rxe8 30. Bxg7+ 1-0

[Event "Voronezh op 16th"]
[Site "Voronezh"]
[Date "2012.06.14"]
[Round "3"]
[White "Prikhodko, Anton"]
[Black "Fedorov, Alexei"]
[Result "1-0"]
[WhiteElo "2330"]
[BlackElo "2571"]
[PlyCount "65"]
[EventDate "2012.06.12"]
[EventType "swiss"]
[EventRounds "9"]
[EventCountry "RUS"]
[SourceTitle "CBM 149 Extra"]
[Source "ChessBase"]
[SourceDate "2012.08.24"]
[SourceVersion "1"]
[SourceVersionDate "2012.08.24"]
[SourceQuality "1"]

1. e4 c5 2. Nf3 e6 3. d4 cxd4 4. Nxd4 a6 5. Nc3 b5 6. a3 d6 7. Be3 Nf6 8. f4 Bb7 9. Qf3 Nbd7 10. 0-0-0 Rc8 11. Bd3 Rxc3 12. bxc3 Nc5 13. Nb3 Nfxe4 14. Bxe4 Nxe4 15. Bd4 f6 16. Rhe1 d5 17. f5 Bxa3+ 18. Kb1 0-0 19. fxe6 Qe7 20. Qf5 g6 21. Qh3 Bc8 22. Nd2 Bxe6 23. Nxe4 dxe4 24. Qh6 b4 25. c4 Bxc4 26. Qe3 b3 27. cxb3 Rb8 28. Qxe4 Qxe4+ 29. Rxe4 Bxb3 30. Ba7 Rb7 31. Rd8+ Bf8 32. Bc5 Bd5+ 33. Rb4 1-0

[Event "Uljanovsk Povolje op"]
[Site "Uljanovsk"]
[Date "2011.08.26"]
[Round "2"]
[White "Prikhodko, Anton"]
[Black "Semikov, Alexey"]
[Result "1-0"]
[WhiteElo "2071"]
[BlackElo "1918"]
[PlyCount "57"]
[EventDate "2011.08.25"]
[EventType "swiss"]
[EventRounds "9"]
[EventCountry "RUS"]
[SourceTitle "CBM 144 Extra"]
[Source "ChessBase"]
[SourceDate "2011.10.28"]
[SourceVersion "1"]
[SourceVersionDate "2011.10.28"]
[SourceQuality "1"]

1. e4 e6 2. d4 d5 3. exd5 exd5 4. Nf3 Nf6 5. c4 Bb4+ 6. Nc3 0-0 7. Be2 h6 8. 0-0 Be6 9. Qb3 Nc6 10. c5 Bxc3 11. bxc3 b6 12. Ba3 Re8 13. Qc2 Bf5 14. Qd1 Ne4 15. Rc1 bxc5 16. dxc5 Qf6 17. Bb5 Reb8 18. Bxc6 Qxc6 19. Nd4 Qg6 20. f3 Bh3 21. Qc2 Re8 22. Kh1 Qh5 23. fxe4 Bg4 24. Rce1 Re5 25. Nc6 Rg5 26. exd5 Kh8 27. d6 Bf5 28. Rxf5 Rxf5 29. d7 1-0

[Event "Kineshma op"]
[Site "Kineshma"]
[Date "2011.08.06"]
[Round "8"]
[White "Kapustin, Yriy"]
[Black "Prikhodko, Anton"]
[Result "1/2-1/2"]
[WhiteElo "2160"]
[BlackElo "2070"]
[PlyCount "46"]
[EventDate "2011.08.03"]
[EventType "swiss"]
[EventRounds "9"]
[EventCountry "RUS"]
[SourceTitle "CBM 144 Extra"]
[Source "ChessBase"]
[SourceDate "2011.10.28"]
[SourceVersion "1"]
[SourceVersionDate "2011.10.28"]
[SourceQuality "1"]

1. e4 c5 2. Nc3 e6 3. f4 g6 4. Nf3 Bg7 5. Bc4 Nc6 6. Nb5 d6 7. c3 a6 8. Na3 Nge7 9. d3 0-0 10. 0-0 b5 11. Bb3 d5 12. e5 f6 13. d4 Qb6 14. Kh1 fxe5 15. fxe5 b4 16. Nc2 a5 17. dxc5 Qc7 18. Ncd4 Nxe5 19. Ng5 Rxf1+ 20. Qxf1 Qxc5 21. Bf4 Bf6 22. Ndxe6 Bxe6 23. Nxe6 Qd6 1/2-1/2

[Event "Dmitrov op"]
[Site "Dmitrov"]
[Date "2011.08.01"]
[Round "8"]
[White "Prikhodko, Anton"]
[Black "Bivol, Alina"]
[Result "1/2-1/2"]
[WhiteElo "2071"]
[BlackElo "2171"]
[PlyCount "47"]
[EventDate "2011.07.29"]
[EventType "swiss"]
[EventRounds "9"]
[EventCountry "RUS"]
[SourceTitle "CBM 143 Extra"]
[Source "ChessBase"]
[SourceDate "2011.08.29"]
[SourceVersion "1"]
[SourceVersionDate "2011.08.29"]
[SourceQuality "1"]

1. e4 e6 2. d4 d5 3. exd5 exd5 4. Nf3 Nf6 5. c4 c6 6. Nc3 Be7 7. Be2 0-0 8. 0-0 Bg4 9. h3 Bxf3 10. Bxf3 dxc4 11. Qe2 Nbd7 12. Qxc4 Nb6 13. Qd3 Qd7 14. Bg5 Rad8 15. Rad1 Rfe8 16. Rfe1 h6 17. Bh4 Nbd5 18. Bxf6 Nxf6 19. d5 cxd5 20. Nxd5 Nxd5 21. Bxd5 Bd6 22. Rxe8+ Rxe8 23. Qb3 Rd8 24. Re1 1/2-1/2

[Event "Dmitrov op"]
[Site "Dmitrov"]
[Date "2011.08.01"]
[Round "7"]
[White "Rudenok, Tatiana"]
[Black "Prikhodko, Anton"]
[Result "0-1"]
[WhiteElo "2008"]
[BlackElo "2071"]
[PlyCount "90"]
[EventDate "2011.07.29"]
[EventType "swiss"]
[EventRounds "9"]
[EventCountry "RUS"]
[SourceTitle "CBM 143 Extra"]
[Source "ChessBase"]
[SourceDate "2011.08.29"]
[SourceVersion "1"]
[SourceVersionDate "2011.08.29"]
[SourceQuality "1"]

1. e4 c5 2. Nc3 e6 3. d3 Nc6 4. g3 g6 5. Bg2 Bg7 6. f4 Nge7 7. Nf3 d6 8. 0-0 0-0 9. Bd2 Rb8 10. Rb1 b5 11. a3 Qb6 12. Kh1 Bb7 13. Ne2 d5 14. Qe1 Rbd8 15. g4 f5 16. Ng5 Bc8 17. gxf5 exf5 18. e5 d4 19. Qg3 h6 20. Nh3 Be6 21. c3 Bb3 22. cxd4 Nxd4 23. Nxd4 Rxd4 24. Bc3 Rd7 25. d4 cxd4 26. Bxd4 Qe6 27. Qf2 Rfd8 28. Bc3 Rd3 29. Qxa7 Bd5 30. Nf2 Qc6 31. Rg1 Bxg2+ 32. Rxg2 R8d7 33. Qb8+ Rd8 34. Qa7 R8d7 35. Qb8+ Rd8 36. Qa7 Nc8 37. Qa5 R3d7 38. Re1 Nb6 39. Qb4 Nd5 40. Qb3 Kh7 41. Bd2 Nb6 42. Rc1 Nc4 43. Bb4 Qb6 44. a4 Rc8 45. a5 Nxa5 0-1

[Event "Dimitrovgrad Petrosian Memorial op"]
[Site "Dimitrovgrad"]
[Date "2011.06.26"]
[Round "5"]
[White "Prikhodko, Anton"]
[Black "Ulanov, Alexandr"]
[Result "1-0"]
[WhiteElo "2071"]
[BlackElo "2406"]
[PlyCount "119"]
[EventDate "2011.06.18"]
[EventType "swiss"]
[EventRounds "9"]
[EventCountry "RUS"]
[SourceTitle "EXT 2012"]
[Source "ChessBase"]
[SourceDate "2011.11.24"]
[SourceVersion "1"]
[SourceVersionDate "2011.11.24"]
[SourceQuality "1"]

1. e4 Nc6 2. Nf3 e5 3. Bb5 Nf6 4. 0-0 Be7 5. Re1 d6 6. c3 a6 7. Ba4 b5 8. Bc2 0-0 9. d3 d5 10. exd5 Qxd5 11. Nbd2 Bg4 12. Nf1 Bxf3 13. Qxf3 Qxf3 14. gxf3 Bd6 15. Ng3 Nd5 16. Ne4 Be7 17. Bb3 Rad8 18. a4 Nb6 19. axb5 axb5 20. Rd1 Kh8 21. f4 f5 22. Ng3 Bd6 23. fxe5 Nxe5 24. d4 Nf3+ 25. Kg2 Nh4+ 26. Kh3 Be7 27. Re1 Ng6 28. Bc2 Rd5 29. Bb3 Nc4 30. Bd1 c5 31. b3 Nb6 32. Ra6 Nc8 33. Bf3 Rdd8 34. d5 Bf6 35. c4 bxc4 36. bxc4 Nd6 37. Be2 f4 38. Rxd6 Rxd6 39. Ne4 Rb6 40. Nxc5 Be7 41. Nd7 Rb3+ 42. Kg4 Rd8 43. Bd1 Rb1 44. Ba4 Bb4 45. Rd1 Rxd7 46. Bxd7 Ne5+ 47. Kf5 Nxd7 48. d6 Kg8 49. Ke6 Nf8+ 50. Kd5 Ba3 51. c5 Kf7 52. c6 Rb5+ 53. Ke4 Rb4+ 54. Kf3 Rb3+ 55. Kg4 Bxc1 56. d7 h5+ 57. Kxh5 Rb5+ 58. Kg4 Ne6 59. c7 Rg5+ 60. Kf3 1-0

[Event "Dimitrovgrad Petrosian Memorial op"]
[Site "Dimitrovgrad"]
[Date "2011.06.25"]
[Round "4"]
[White "Elkin, Alexander"]
[Black "Prikhodko, Anton"]
[Result "1/2-1/2"]
[WhiteElo "2162"]
[BlackElo "2071"]
[PlyCount "35"]
[EventDate "2011.06.18"]
[EventType "swiss"]
[EventRounds "9"]
[EventCountry "RUS"]
[SourceTitle "EXT 2012"]
[Source "ChessBase"]
[SourceDate "2011.11.24"]
[SourceVersion "1"]
[SourceVersionDate "2011.11.24"]
[SourceQuality "1"]

1. e4 e5 2. Nf3 Nc6 3. Bb5 a6 4. Bxc6 dxc6 5. d4 exd4 6. Qxd4 Qxd4 7. Nxd4 Nf6 8. f3 c5 9. Nb3 Be6 10. Nc3 0-0-0 11. Bg5 Be7 12. Ke2 b6 13. Rad1 c6 14. Rxd8+ Rxd8 15. Rd1 Rxd1 16. Nxd1 Bxb3 17. axb3 Kc7 18. Bf4+ 1/2-1/2

[Event "Uljanovsk Volga op"]
[Site "Uljanovsk"]
[Date "2011.01.05"]
[Round "5"]
[White "Prikhodko, Anton"]
[Black "Mirzaev, Aziz"]
[Result "0-1"]
[WhiteElo "2070"]
[BlackElo "2001"]
[PlyCount "113"]
[EventDate "2011.01.03"]
[EventType "swiss"]
[EventRounds "9"]
[EventCountry "RUS"]
[SourceTitle "CBM 140 Extra"]
[Source "ChessBase"]
[SourceDate "2011.03.01"]
[SourceVersion "1"]
[SourceVersionDate "2011.03.01"]
[SourceQuality "1"]

1. d4 Nf6 2. c4 e6 3. Nc3 d5 4. cxd5 exd5 5. Bg5 Be7 6. e3 0-0 7. Qc2 c6 8. Bd3 Nbd7 9. Nge2 Re8 10. f3 c5 11. 0-0-0 Nf8 12. dxc5 Be6 13. Bxf6 Bxf6 14. e4 d4 15. Nb5 b6 16. Kb1 bxc5 17. Qxc5 Qa5 18. Qa3 Qb6 19. Rc1 Be7 20. Qa4 Reb8 21. Qxd4 Qa5 22. Nbc3 Rb4 23. Qe3 Qa3 24. Rc2 Rab8 25. Qd2 Bf6 26. Kc1 Bxa2 27. Bb5 R4xb5 28. Nxb5 Rxb5 29. Nd4 Rb6 30. e5 Bxe5 31. Re1 Qd6 32. Nf5 Qxd2+ 33. Kxd2 Bf4+ 34. Ke2 Re6+ 35. Kf2 Rxe1 36. Kxe1 g6 37. Ne7+ Kg7 38. g3 Bg5 39. Nc6 Bd5 40. f4 Bf6 41. Nxa7 Ne6 42. Nb5 Bb3 43. Rd2 Nc5 44. Nc3 Bc4 45. Kf2 Bxc3 46. bxc3 Ne4+ 47. Ke3 Nxd2 48. Kxd2 Kf6 49. Ke3 Kf5 50. h3 h5 51. Kf3 Bd5+ 52. Kf2 Ke4 53. Ke2 Bc4+ 54. Kf2 Kd3 55. g4 h4 56. Kf3 Bd5+ 57. Kf2 0-1

[Event "Uljanovsk Povolje op"]
[Site "Uljanovsk"]
[Date "2010.11.23"]
[Round "7"]
[White "Prikhodko, Anton"]
[Black "Tagirov, Kajum K"]
[Result "1-0"]
[WhiteElo "2072"]
[BlackElo "1895"]
[PlyCount "75"]
[EventDate "2010.11.19"]
[EventType "swiss"]
[EventRounds "9"]
[EventCountry "RUS"]
[SourceTitle "CBM 139 Extra"]
[Source "ChessBase"]
[SourceDate "2011.01.05"]
[SourceVersion "1"]
[SourceVersionDate "2011.01.05"]
[SourceQuality "1"]

1. e4 c5 2. Nf3 d6 3. d4 cxd4 4. Nxd4 Nf6 5. Nc3 g6 6. f4 e6 7. e5 Nh5 8. Bb5+ Bd7 9. 0-0 Ng7 10. Ne4 Be7 11. exd6 Bf6 12. Be3 0-0 13. Bxd7 Nxd7 14. g4 Ne8 15. f5 exf5 16. gxf5 Be5 17. Nf3 Bg7 18. Bd4 Ndf6 19. Nxf6+ Nxf6 20. Be5 Rc8 21. c3 Rc4 22. Qd3 Qc8 23. h3 Nd7 24. Bxg7 Kxg7 25. Rad1 Rf4 26. Nd4 Rxf1+ 27. Qxf1 Qc5 28. Qf4 Nf6 29. Qe5 Qb6 30. fxg6 hxg6 31. Rf1 Qd8 32. Qg5 Rh8 33. Nf5+ Kf8 34. Ne7 Qb6+ 35. Kh1 Rxh3+ 36. Kg2 Rh5 37. Nxg6+ Ke8 38. Qxf6 1-0